Southville International School and Colleges
Your cart is empty.
  • Cart
  • Lists
    Public lists Eva Luna New books Lux_list list_1
    Your lists Log in to create your own lists
  • Log in to your account
  • Your cookies
  • Search history
Southville International School and Colleges
  • Advanced search
  • Recent comments
  • Most popular
  • Libraries

Log in to your account

Log in with GOOGLE


If you do not have an external account, but do have a local account, you can still log in:

  1. Home
  2. MARC view: Peer power book one :
Normal view MARC view ISBD view

Peer power book one : (Record no. 39694)

[ view plain ]
MARC details
000 -LEADER
fixed length control field 00676nam a2200205 a 4500
003 - CONTROL NUMBER IDENTIFIER
control field PILC
005 - DATE AND TIME OF LATEST TRANSACTION
control field 20160209145537.0
008 - FIXED-LENGTH DATA ELEMENTS--GENERAL INFORMATION
fixed length control field 111019s19uu xx 00 eng d
020 ## - INTERNATIONAL STANDARD BOOK NUMBER
International Standard Book Number 9780415962315
050 ## - LIBRARY OF CONGRESS CALL NUMBER
Classification number BF 637.C6
Item number .T56 2009
100 ## - MAIN ENTRY--PERSONAL NAME
Personal name Tindall, Judith.
245 ## - TITLE STATEMENT
Title Peer power book one :
Remainder of title strategies for the professional leader becoming an effective peer helper and conflict mediator /
Statement of responsibility, etc Judith Tindall.
250 ## - EDITION STATEMENT
Edition statement 4th edition.
260 ## - PUBLICATION, DISTRIBUTION, ETC. (IMPRINT)
Place of publication, distribution, etc New York :
Name of publisher, distributor, etc Routledge,
Date of publication, distribution, etc 2008.
300 ## - PHYSICAL DESCRIPTION
Extent 219 pages ;
Dimensions 24 cm
500 ## - GENERAL NOTE
General note Includes bibliographical references.
650 ## - SUBJECT ADDED ENTRY--TOPICAL TERM
Topical term or geographic name as entry element Peer counseling
General subdivision Problems
-- Exercises.
942 ## - ADDED ENTRY ELEMENTS (KOHA)
Koha item type Books
Source of classification or shelving scheme Library of Congress Classification
Call number prefix Foreign
Holdings
Withdrawn status Lost status Source of classification or shelving scheme Damaged status Home library Current library Shelving location Date acquired Source of acquisition Total Checkouts Full call number Barcode Date last seen Copy number Price effective from Koha item type
    Library of Congress Classification   College Library College Library General Circulation Section 01/10/2014 Library Fund   BF 637.C6 .T56 2009 C12727 05/15/2018 1 01/10/2014 Books

Peer power book one :

APA

Tindall J., . (2008). Peer power book one. New York: Routledge.

Chicago

Tindall Judith, . 2008. Peer power book one. New York: Routledge.

Harvard

Tindall J., . (2008). Peer power book one. New York: Routledge.

MLA

Tindall Judith, . Peer power book one. New York: Routledge. 2008.

  • Place hold
  • Print
  • Cite
  • Add to your cart (remove)
  • Save record
    BIBTEX Dublin Core MARCXML MARC (non-Unicode/MARC-8) MARC (Unicode/UTF-8) MARC (Unicode/UTF-8, Standard) MODS (XML) RIS
  • More searches
    Search for this title in:
    Other Libraries (WorldCat) Other Databases (Google Scholar) Online Stores (Bookfinder.com) Open Library (openlibrary.org)

Exporting to Dublin Core...

SOUTHVILLE LIBRARY

Southville International School and Colleges Library

1281 Tropical Ave. Cor. Luxembourg St., BF Homes International, Las Pinas City

Tel. No. 8256374 / 252358 Loc. 117/146

Powered by Koha